Elkezdte a felkészülést a DAC

Bibliographic Details
Main Author: (fcdac.sk) (Author)
Format: Article
Language:Hungarian
PhysicalDescription:Fotografie
ISSN:1335-7050
Subjects:

MARC

LEADER 00000nab a2200000 4500
001 vtls011983011
003 SK-MaSNL
005 20260318140353.0
008 200721|20200720xo |||| || ||00 0|hun
015 |a SNBRB2020/07 
038 |a DSZK 
040 |a DSZK  |b slo  |c DSZK  |e rda 
041 |a hun 
043 |a e-xo--- 
044 |a xo  |c SK 
072 7 |a 796  |x Šport. Hry. Telesné cvičenia  |2 konspekt 
080 |a 796.332:061(437.612)  |2 2011 
100 1 |a (fcdac.sk)  |4 aut  |9 1091291 
245 1 0 |a Elkezdte a felkészülést a DAC  |c [szerző] (fcdac.sk) 
300 |b Fotografie 
336 |a text  |b txt  |2 rdacontent 
337 |a bez média  |b n  |2 rdamedia 
338 |a zväzok  |b nc  |2 rdacarrier 
610 2 7 |a FK DAC 1904 Dunajská Streda  |2 dszk  |9 117991 
650 0 7 |a futbalové kluby  |2 SNKPH  |9 70395 
650 0 7 |a Fortuna liga  |y sezóna 2020/2021  |2 dszk  |9 1109065 
650 0 7 |a prípravy  |2 dszk  |9 315432 
651 7 |a Dunajská Streda (Slovensko)  |2 SNKPHgeo  |9 17375 
773 0 |t Új szó  |g Évf. 73, sz. 167 (2020.7.20), o. 15  |x 1335-7050 
958 |a SK 
958 |a HU 
958 |a RG 
999 |c 1825940  |d 1827870